Cloud Computing (Record no. 339182)
[ view plain ]
| 000 -LEADER | |
|---|---|
| fixed length control field | 00479nam a2200169Ia 4500 |
| 008 - FIXED-LENGTH DATA ELEMENTS--GENERAL INFORMATION | |
| fixed length control field | 230718s9999 xx 000 0 und d |
| 020 ## - INTERNATIONAL STANDARD BOOK NUMBER | |
| International Standard Book Number | 9788173719233 |
| 041 ## - LANGUAGE CODE | |
| Language code of text/sound track or separate title | eng |
| 082 ## - DEWEY DECIMAL CLASSIFICATION NUMBER | |
| Classification number | 006.7'8 |
| Item number | BAH |
| 100 ## - MAIN ENTRY--PERSONAL NAME | |
| Personal name | Bahga A. |
| 9 (RLIN) | 197237 |
| 245 ## - TITLE STATEMENT | |
| Title | Cloud Computing |
| Remainder of title | A Hands-on Approach |
| 260 ## - PUBLICATION, DISTRIBUTION, ETC. (IMPRINT) | |
| Date of publication, distribution, etc. | 2014 |
| Name of publisher, distributor, etc. | Universities Press |
| 300 ## - PHYSICAL DESCRIPTION | |
| Extent | 454 |
| 365 ## - TRADE PRICE | |
| Currency code | Rs. |
| Price amount | 500.00 |
| 700 ## - ADDED ENTRY--PERSONAL NAME | |
| Personal name | Bahga A. & Madisetti V. |
| 9 (RLIN) | 197238 |
| 906 ## - LOCAL DATA ELEMENT F, LDF (RLIN) | |
| d | O:0444404-Feb-2015B:IN 169329-Oct-2014 |
| c | COMP |
| b | 100 |
| Withdrawn status | Lost status | Damaged status | Not for loan | Home library | Current library | Date acquired | Vendor | Budget Code | Cost, normal purchase price | Bill number | Total Checkouts | Full call number | Barcode | Date last seen | Discount | Cost, replacement price | Bill Date | Koha item type | Original Barcode |
|---|---|---|---|---|---|---|---|---|---|---|---|---|---|---|---|---|---|---|---|
| Cummins College of Engineering for Women Pune | Cummins College of Engineering for Women Pune | 04/02/2015 | Pradeep Book Distributors | COMP | 400.00 | IN 1693 | 006.7'8 | CCEP-BK-50389 | 18/07/2023 | 100 | 500.00 | 29/10/2014 | Books | 050389 |